ბათუმის შოთა რუსთაველის სახელმწიფო უნივერსიტეტის ბიბლიოთეკა

Language Planning and Language Change in Japan / (ბიბ.ჩანაწერი № 63989)

000 -LEADER
fixed length control field 00531nam a22001697a 4500
005 - DATE AND TIME OF LATEST TRANSACTION
control field 20260305102340.0
008 - FIXED-LENGTH DATA ELEMENTS--GENERAL INFORMATION
fixed length control field 260305s2001 enk||||| |||| 00| 0 eng d
020 ## - INTERNATIONAL STANDARD BOOK NUMBER
International Standard Book Number 9780700713837x
041 ## - LANGUAGE CODE
Language code of text/sound track or separate title eng
080 ## - UNIVERSAL DECIMAL CLASSIFICATION NUMBER
Universal Decimal Classification number 811.521 C-21
100 ## - MAIN ENTRY--PERSONAL NAME
Personal name Carroll, Tessa
9 (RLIN) 27051
245 ## - TITLE STATEMENT
Title Language Planning and Language Change in Japan /
Statement of responsibility, etc. Tessa Carroll.
264 ## - PRODUCTION, PUBLICATION, DISTRIBUTION, MANUFACTURE, AND COPYRIGHT NOTICE
Place of production, publication, distribution, manufacture London :
Name of producer, publisher, distributor, manufacturer Routledge,
Date of production, publication, distribution, manufacture, or copyright notice 2001.
300 ## - PHYSICAL DESCRIPTION
Extent 276 p.;
Other physical details 24 cm.
653 ## - INDEX TERM--UNCONTROLLED
keyword ენის ცვლილება იაპონიაში
942 ## - ADDED ENTRY ELEMENTS (KOHA)
Source of classification or shelving scheme
Koha item type წიგნი
ეგზემპლარები
Withdrawn status Lost status Source of classification or shelving scheme Damaged status Not for loan Permanent Location Current Location Shelving location Date acquired Cost, normal purchase price Full call number Barcode Date last seen Copy number Uniform Resource Identifier Price effective from Koha item type Public note
          ბათუმის შოთა რუსთაველის სახელმწიფო უნივერსიტეტის მთავარი ბიბლიოთეკა ბათუმის შოთა რუსთაველის სახელმწიფო უნივერსიტეტის მთავარი ბიბლიოთეკა წიგნსაცავი 2026-03-05 12.00 811.521 C-21 73871 2026-03-05 73871 იაპონიის ელჩის საჩუქარი 2026-03-05 წიგნი 12 ლ.